000 01158nas a2200373 4500
001 BR2014005628
003 BR-BrBNA
005 20231205124452.0
007 ta
008 230509b bl.|||p| |||| 00| 00por d
040 _aBR-BrBNA
_bpor
_cBiblioteca Nacional de Agricultura
041 _a(Pt)
072 _aL51
100 1 _aGilaverte, S.
100 1 _aSusin, I.
100 1 _aPires, A.V.
100 1 _aFerreira, E.M.
100 1 _aMendes, C.Q.
100 1 _aGentil, R.S.
100 1 _aBiehl, M.V.
100 1 _aRodrigues, G.H.
245 1 _aDigestibilidade da dieta, parâmetros ruminais e desempenho de ovinos Santa Inês alimentados com polpa cítrica peletizada e resíduo úmido de cervejaria
650 _aOVINO
650 _aDIETA
650 _aDIGESTIBILIDADE APARENTE
650 _aRÚMEN
650 _aSUBPRODUTO
650 _aGANHO DE PESO
650 _aCONFINAMENTO
773 0 _tRevista Brasileira de Zootecnia (Brazil)
_xISSN 1806-9290
_g(Mar 2011), v. 40(3) p. 639-647
_wBR2014005628
856 4 0 _uhttp://www.scielo.br/pdf/rbz/v40n3/24.pdf
909 _a202311
_bLúcia
_c55
_dLúcia Elande
942 _2AGRIS
_n0
_cANA
999 _c239245
_d239245